Európsky model multifunkčného poľnohospodárstva v kontexte Spoločnej poľnohospodárskej politiky a jeho vzťah k ochrane a tvorbe životného prostredia

Podrobná bibliografia
Hlavný autor: Otepka, Pavol (Author)
Médium: Článok
Jazyk:Slovak
Témy:
On-line prístup:http://147.213.211.222/node/2096
Zdroj: 1. Životné prostredie (revue pre teóriu a starostlivosť o životné prostredie) 1. Roč. 47, č. 4 (2013), s. 204-209 1. 0044-4863
LEADER 01356nab#a2200421#ar4500
001 000123713
003 SVKKK
005 20180810104134.0
008 180810c2013 xo |||||||||||||||b|slo
FMT
015 |a SNBRB2018/08 
038 |a SVKKK 
040 |a SVKKK  |b slo  |e AACR2 
041 0 |a slo  |b eng 
044 |a xo  |c SK 
080 |a 502.17  |2 2011 
080 |a 338.43  |2 2011 
080 |a 630  |2 2011 
080 |a 502/504  |2 2011 
100 1 |a Otepka, Pavol  |4 aut 
245 1 0 |a Európsky model multifunkčného poľnohospodárstva v kontexte Spoločnej poľnohospodárskej politiky a jeho vzťah k ochrane a tvorbe životného prostredia  |c Pavol Otepka 
246 3 1 |a European Model of Multifunctional Agriculture and its Relation to the Landscape Protection 
504 |a Bibliogr. odkazy 
546 |a Res. angl. 
610 2 4 |a Európska únia 
650 0 4 |a životné prostredie 
650 0 4 |a ochrana životného prostredia 
650 0 4 |a multifunkčné poľnohospodárstvo 
650 0 4 |a Spoločná poľnohospodárska politika EÚ 
773 0 |t Životné prostredie (revue pre teóriu a starostlivosť o životné prostredie)  |g Roč. 47, č. 4 (2013), s. 204-209  |x 0044-4863 
958 |a NB 
974 |a Va 
992 |a RBX 
BAS
852 |a SVKKK  |b BIB 
856 4 1 |u http://147.213.211.222/node/2096 
EXP
998 |a GEO